[Event "Qatar Masters Open 2023"]
[Site "Doha QAT"]
[Date "2023.10.19"]
[Round "8.44"]
[White "Ravi, Teja S."]
[Black "Suyarov, Mukhammadzokhid"]
[Result "1/2-1/2"]
[WhiteTitle "IM"]
[BlackTitle "FM"]
[WhiteElo "2448"]
[BlackElo "2340"]
[WhiteFideId "5017220"]
[BlackFideId "14210495"]
[EventDate "2023.10.11"]

1. Nf3 Nf6 2. d4 e6 3. c4 b6 4. a3 Bb7 5. Nc3 d5 6. Bg5 Nbd7 7. e3 Be7 8. Rc1
O-O 9. cxd5 exd5 10. Bd3 Ne4 11. Bxe7 Qxe7 12. O-O c5 13. dxc5 bxc5 14. Qe2 Ndf6
15. Bxe4 dxe4 16. Nd2 Qe6 17. Nb5 Qb6 18. a4 Ba6 19. Qc4 Rab8 20. Qxc5 Bxb5 21.
axb5 Qxb5 22. Qxa7 Rb7 23. Qd4 Qxb2 24. Rc4 Qxd4 25. Rxd4 Re8 26. Ra1 Rbe7 27.
h3 g6 28. Raa4 Kg7 29. g4 h6 30. Kg2 Re6 31. Kg3 R8e7 32. Rab4 Kh7 33. h4 Kg7
34. Ra4 Re5 35. Nc4 Rb5 36. Nd6 Rb1 37. Nxe4 Rg1+ 38. Kh2 Rxg4 39. Nxf6 Rxd4 40.
Nh5+ gxh5 41. Rxd4 Ra7 42. Rd5 Kg6 43. Rd6+ Kg7 44. e4 Ra4 45. f3 f5 46. e5
Rxh4+ 47. Kg3 Ra4 48. Rf6 h4+ 49. Kg2 Rf4 50. Ra6 h5 51. Rb6 Kf7 52. Rh6 Ke7 53.
Kf2 h3 1/2-1/2

[Event "Qatar Masters Open 2023"]
[Site "Doha QAT"]
[Date "2023.10.19"]
[Round "8.45"]
[White "Shyaamnikhil, P"]
[Black "Rosen, Eric"]
[Result "1/2-1/2"]
[WhiteTitle "IM"]
[BlackTitle "IM"]
[WhiteElo "2442"]
[BlackElo "2341"]
[WhiteFideId "5024218"]
[BlackFideId "2032562"]
[EventDate "2023.10.11"]

1. g3 d5 2. Nf3 Nf6 3. Bg2 e6 4. O-O Be7 5. d3 c5 6. Nbd2 Nc6 7. e4 Qc7 8. Re1
b6 9. exd5 Nxd5 10. Ne4 O-O 11. c4 Nf6 12. Bf4 Qd7 13. Ne5 Nxe5 14. Bxe5 Nxe4
15. Bxe4 Bb7 16. Qg4 g6 17. Bxb7 Qxb7 18. Bc3 Rfd8 19. Qe2 Qc7 20. Qf3 Rac8 21.
h4 Qc6 22. Qe3 Qd6 23. h5 Bf8 24. h6 e5 25. Bxe5 Qxd3 26. Qf4 Qf5 27. Qxf5 gxf5
28. Bf4 Rc6 29. Rad1 Rxd1 30. Rxd1 Bxh6 31. Bb8 a6 32. b3 Kg7 33. a4 Kf6 34. Rd8
Bc1 35. Ba7 Bb2 1/2-1/2

[Event "Qatar Masters Open 2023"]
[Site "Doha QAT"]
[Date "2023.10.19"]
[Round "8.46"]
[White "Msellek, Ilyass"]
[Black "Jain, Kashish Manoj"]
[Result "0-1"]
[WhiteTitle "IM"]
[BlackTitle "FM"]
[WhiteElo "2411"]
[BlackElo "2338"]
[WhiteFideId "675938"]
[BlackFideId "35081098"]
[EventDate "2023.10.11"]

1. d4 d5 2. c4 c6 3. Nf3 Nf6 4. Nc3 e6 5. g3 dxc4 6. Bg2 b5 7. O-O Bb7 8. Ne5 a6
9. b3 b4 10. Na4 c3 11. Nc4 a5 12. e4 Be7 13. e5 Nd5 14. Qg4 O-O 15. Bh6 g6 16.
Nc5 Ba6 17. h4 Nd7 18. h5 Nxc5 19. dxc5 Bxc5 20. hxg6 hxg6 21. Be4 Qe8 22. Qh4
Qd8 23. Qg4 Qe8 24. Bc2 Ra7 25. Rae1 a4 26. Kg2 Bc8 27. Re2 axb3 28. axb3 f5 29.
exf6 Rxf6 30. Ne5 Rh7 31. Rh1 Rxf2+ 32. Rxf2 Rxh6 33. Re1 Bxf2 34. Kxf2 Kg7 35.
Kg2 c5 36. Be4 Nf6 37. Qf4 c2 38. Rf1 Nxe4 39. Qxe4 Qe7 40. Qxc2 Bb7+ 41. Nf3 g5
42. Kg1 Qd6 43. Qb2+ Kg8 44. Rf2 Qd1+ 0-1

[Event "Qatar Masters Open 2023"]
[Site "Doha QAT"]
[Date "2023.10.19"]
[Round "8.47"]
[White "Munkhdalai, Amilal"]
[Black "Mayank, Chakraborty"]
[Result "1/2-1/2"]
[WhiteTitle "FM"]
[BlackTitle "CM"]
[WhiteElo "2409"]
[BlackElo "2333"]
[WhiteFideId "4903250"]
[BlackFideId "25659766"]
[EventDate "2023.10.11"]

1. e4 e6 2. d4 d5 3. Nd2 c5 4. exd5 Qxd5 5. dxc5 Nf6 6. Ngf3 Qxc5 7. Bd3 Nbd7 8.
O-O Be7 9. Qe2 Qc7 10. Ne4 Nxe4 11. Qxe4 Nf6 12. Qd4 Qc5 13. Qh4 O-O 14. Re1 Qh5
15. Qxh5 Nxh5 16. Bg5 Nf6 17. Rad1 h6 18. Bh4 g5 19. Bg3 b6 20. Nd4 Bb7 21. Nf5
Bd8 22. Nd6 Bc6 23. Ba6 Nd5 24. a3 Bf6 25. Nc4 Nf4 26. Bxf4 gxf4 27. Ne5 Bxe5
28. Rxe5 Rad8 29. Rxd8 Rxd8 30. Bd3 Kg7 31. f3 Rd6 32. Kf2 f6 33. Re1 e5 34. g3
fxg3+ 35. hxg3 Rd8 36. Rh1 Be8 37. Rh4 Bf7 38. Ke3 h5 39. Rh2 Bg6 40. Rd2 f5 41.
Rh2 1/2-1/2

[Event "Qatar Masters Open 2023"]
[Site "Doha QAT"]
[Date "2023.10.19"]
[Round "8.48"]
[White "Nurmanova, Alua"]
[Black "Krishna, C R G"]
[Result "0-1"]
[WhiteTitle "WIM"]
[BlackTitle "IM"]
[WhiteElo "2347"]
[BlackElo "2407"]
[WhiteFideId "13729390"]
[BlackFideId "5018625"]
[EventDate "2023.10.11"]

1. e4 e6 2. d4 d5 3. e5 c5 4. c3 Bd7 5. Nf3 Qb6 6. Be2 cxd4 7. O-O Ne7 8. cxd4
Nbc6 9. Nc3 Nf5 10. Na4 Qa5 11. Bd2 Qd8 12. Bg5 Qa5 13. Bd2 Qd8 14. Bg5 Be7 15.
Bxe7 Qxe7 16. Rc1 O-O 17. Nc5 Be8 18. Qd2 h5 19. b4 a6 20. a3 f6 21. Rfe1 h4 22.
Bd3 Nfxd4 23. Nxd4 Nxd4 24. Qf4 fxe5 25. Qxe5 Qf6 26. Qe3 Rc8 27. Rcd1 Kh8 28.
Bb1 e5 29. h3 b6 30. Nd3 e4 31. Nf4 Nf5 32. Qd2 Ne7 33. Nxd5 Nxd5 34. Qxd5 Qxf2+
35. Kh1 Bg6 36. Bxe4 Rce8 37. Qc6 Rf6 38. Qd7 Qg3 39. Rc1 Rfe6 40. Rf1 Bxe4 0-1

[Event "Qatar Masters Open 2023"]
[Site "Doha QAT"]
[Date "2023.10.19"]
[Round "8.49"]
[White "Kushagra, Mohan"]
[Black "Laxman, R.R."]
[Result "1/2-1/2"]
[WhiteTitle "IM"]
[BlackTitle "GM"]
[WhiteElo "2412"]
[BlackElo "2322"]
[WhiteFideId "25033638"]
[BlackFideId "5005361"]
[EventDate "2023.10.11"]

1. e4 e5 2. Nf3 Nc6 3. d4 exd4 4. Nxd4 Nf6 5. Nxc6 bxc6 6. e5 Qe7 7. Qe2 Nd5 8.
h4 d6 9. c4 Nb6 10. exd6 cxd6 11. Be3 Be6 12. Nd2 Qb7 13. b3 c5 14. Qf3 Qxf3 15.
Nxf3 Be7 16. Bd3 h6 17. Be4 d5 18. cxd5 Nxd5 19. Bd2 O-O 20. O-O Rac8 21. Rac1
Rfd8 22. Ba5 Nb6 23. Ne5 Bd5 24. Bf5 Rc7 25. h5 Bd6 26. Nc4 Bxc4 27. bxc4 Re7
28. Rfd1 Bc7 29. Rxd8+ Bxd8 30. Bd2 Re5 31. g4 Bg5 32. f4 Re2 33. Rd1 Bf6 34.
Bc3 Nxc4 35. Bxf6 gxf6 36. Bd3 Rg2+ 37. Kxg2 Ne3+ 38. Kf3 Nxd1 39. a4 a5 40. Bb5
Nc3 41. Bc6 Na2 42. Ke3 f5 43. g5 Nb4 44. Bf3 Nc2+ 45. Kd2 Nd4 46. Bd5 hxg5 47.
fxg5 Kg7 48. Kc3 Ne6 49. g6 Nf4 50. Bxf7 Nxh5 51. Kc4 Nf4 52. Kxc5 Nd3+ 53. Kb5
Nb2 54. Kxa5 f4 55. Kb5 f3 56. Bd5 f2 57. Bg2 Nxa4 58. Kxa4 Kxg6 1/2-1/2

[Event "Qatar Masters Open 2023"]
[Site "Doha QAT"]
[Date "2023.10.19"]
[Round "8.50"]
[White "Laddha, Shubh Jayesh"]
[Black "Muthaiah, AL"]
[Result "0-1"]
[WhiteTitle "FM"]
[BlackTitle "IM"]
[WhiteElo "2373"]
[BlackElo "2470"]
[WhiteFideId "30942799"]
[BlackFideId "5092442"]
[EventDate "2023.10.11"]

1. e4 c6 2. d4 d5 3. e5 Bf5 4. Nf3 e6 5. Be2 Nd7 6. O-O h6 7. a4 Ne7 8. a5 a6 9.
c3 Bxb1 10. Rxb1 Qxa5 11. b4 Qc7 12. h4 f5 13. Ne1 Nb6 14. Nd3 g6 15. Nc5 Kf7
16. Qb3 Nc4 17. Bxc4 dxc4 18. Qxc4 Nd5 19. Qd3 b5 20. Nb3 Be7 21. g3 g5 22. g4
fxg4 23. h5 Ke8 24. Qg6+ Kd7 25. Qf7 Kc8 26. Qxe6+ Qd7 27. Qxd7+ Kxd7 28. Bd2
Rhf8 29. Nc1 Nb6 30. Ne2 Nc4 31. Be1 a5 32. bxa5 Rxa5 33. Kg2 Ra2 34. Nc1 Rc2
35. Rg1 Rf3 36. Kh1 Rh3+ 37. Kg2 Ne3# 0-1

[Event "Qatar Masters Open 2023"]
[Site "Doha QAT"]
[Date "2023.10.19"]
[Round "8.51"]
[White "Panesar, Vedant"]
[Black "Haldorsen, Benjamin"]
[Result "1/2-1/2"]
[WhiteTitle "FM"]
[BlackTitle "IM"]
[WhiteElo "2372"]
[BlackElo "2454"]
[WhiteFideId "35033018"]
[BlackFideId "1512633"]
[EventDate "2023.10.11"]

1. e4 e5 2. Nf3 Nc6 3. Bb5 a6 4. Ba4 b5 5. Bb3 Na5 6. O-O d6 7. d4 exd4 8. Nxd4
Bb7 9. Bd2 Nxb3 10. axb3 Nf6 11. Nc3 g6 12. Bg5 h6 13. Bh4 Bg7 14. Nd5 c5 15.
Nf3 g5 16. Nxf6+ Qxf6 17. Bg3 O-O-O 18. c3 Rhe8 19. Re1 Qg6 20. Nd2 h5 21. f3 h4
22. Bf2 h3 23. g4 d5 24. exd5 Rxe1+ 25. Qxe1 Rxd5 26. Bg3 f5 27. gxf5 Qxf5 28.
Qe8+ Rd8 29. Qe7 Rd7 30. Qe8+ Rd8 31. Qe7 Rd7 32. Qe8+ Rd8 1/2-1/2

[Event "Qatar Masters Open 2023"]
[Site "Doha QAT"]
[Date "2023.10.19"]
[Round "8.52"]
[White "Aradhya, Garg"]
[Black "Nitish, Belurkar"]
[Result "1-0"]
[WhiteTitle "FM"]
[BlackTitle "IM"]
[WhiteElo "2344"]
[BlackElo "2451"]
[WhiteFideId "25006746"]
[BlackFideId "5084768"]
[EventDate "2023.10.11"]

1. d4 Nf6 2. c4 g6 3. g3 Bg7 4. Bg2 d6 5. Nc3 O-O 6. Nf3 Nc6 7. O-O Bg4 8. d5
Na5 9. b3 c5 10. Bd2 a6 11. h3 Bd7 12. e4 b5 13. e5 Ne8 14. e6 fxe6 15. dxe6 Bc6
16. Nd5 b4 17. Ng5 Ra7 18. Qg4 Bxd5 19. cxd5 Nf6 20. Qh4 Qe8 21. Rae1 Nb7 22.
Nf7 Nd8 23. Nh6+ Kh8 24. Bg5 a5 25. f4 Ng8 26. Nxg8 Kxg8 27. Be4 Bc3 28. Rd1 Rf5
29. Bxf5 gxf5 30. g4 Bd4+ 31. Kh1 Qg6 32. Bxe7 fxg4 33. f5 1-0

[Event "Qatar Masters Open 2023"]
[Site "Doha QAT"]
[Date "2023.10.19"]
[Round "8.53"]
[White "Sattarov, Bobir"]
[Black "Venkatesh, M.R."]
[Result "1-0"]
[WhiteTitle "IM"]
[BlackTitle "GM"]
[WhiteElo "2341"]
[BlackElo "2428"]
[WhiteFideId "14203081"]
[BlackFideId "5005779"]
[EventDate "2023.10.11"]

1. e4 c5 2. Nf3 Nc6 3. d4 cxd4 4. Nxd4 Nf6 5. Nc3 d6 6. f3 e5 7. Nb3 Be6 8. Be3
d5 9. exd5 Nxd5 10. Nxd5 Qxd5 11. Qxd5 Bxd5 12. O-O-O O-O-O 13. Bb5 a6 14. Bd3
Kc7 15. c3 Be7 16. Kb1 h5 17. Nc5 g6 18. Na4 Kb8 19. Bb6 Rd6 20. b4 Be6 21. Kb2
Bf5 22. Bc4 f6 23. Bd5 Be6 24. Bb3 Bxb3 25. Kxb3 Kc8 26. Rxd6 Bxd6 27. Rd1 Bc7
28. Bxc7 Kxc7 29. Nc5 Rh7 30. Ne6+ Kc8 31. a4 Rd7 32. Rxd7 Kxd7 33. Nf8+ Kd6 34.
Nxg6 f5 35. Kc4 Ke6 36. Kc5 Kf6 37. Nh4 Kg5 38. g3 f4 39. Kd5 fxg3 40. hxg3 Kf6
41. Kd6 Ne7 42. a5 Nf5+ 43. Nxf5 Kxf5 44. Kd5 Kf6 45. c4 1-0

[Event "Qatar Masters Open 2023"]
[Site "Doha QAT"]
[Date "2023.10.19"]
[Round "8.54"]
[White "Divya, Deshmukh"]
[Black "Audi, Ameya"]
[Result "1-0"]
[WhiteTitle "WGM"]
[BlackTitle "IM"]
[WhiteElo "2408"]
[BlackElo "2372"]
[WhiteFideId "35006916"]
[BlackFideId "25034430"]
[EventDate "2023.10.11"]

1. Nf3 Nf6 2. g3 g6 3. Bg2 Bg7 4. O-O O-O 5. d4 d6 6. Nc3 Nbd7 7. a4 c6 8. a5
Qc7 9. e4 e5 10. dxe5 dxe5 11. b4 b6 12. Qe2 Rb8 13. axb6 Rxb6 14. Qc4 Qb8 15.
Qe2 Re8 16. Rd1 Bf8 17. Be3 Rb7 18. Qc4 Rxb4 19. Qa2 Rb2 20. Qc4 Qb4 21. Qd3 Nc5
22. Bxc5 Bxc5 23. Na4 Nxe4 24. c3 Bxf2+ 25. Kh1 Bb6 26. cxb4 Nf2+ 27. Kg1 Nh3+
28. Kh1 Nf2+ 29. Kg1 Nxd3+ 30. Nxb6 axb6 31. Rxd3 e4 32. Re1 Rf8 33. Rd2 Rxb4
34. Ne5 c5 35. Nc6 Rb3 36. Rxe4 Be6 37. Re1 Kg7 38. Rc1 h5 39. Kf2 Rh8 40. Nd8
Bc8 41. Kg1 Rf8 42. Bf1 Rf3 43. Rb1 Rf6 44. Re1 Bf5 45. Re7 Bg4 46. Bc4 Bh3 47.
Nxf7 R8xf7 48. Rxf7+ Rxf7 49. Bxf7 Kxf7 50. Rb2 Bf5 51. Rxb6 c4 52. Rc6 Bd3 53.
Kf2 Ke7 54. Ke3 Kd7 55. Ra6 Kc7 56. Kd4 Kb7 57. Rd6 Kc7 58. Kc5 Bf5 59. Kd5 Be4+
60. Ke5 Bf5 61. Rd5 Kc6 62. Kd4 Bd3 63. Rc5+ Kb6 64. Kd5 Kb7 65. Kd6 Kb6 66. Kd5
Kb7 67. Ke5 Kb6 68. Kd6 Bf1 69. Rc8 Kb5 70. Kd5 Kb4 71. Kd4 Kb5 72. Rc5+ Kb6 73.
Rc8 Kb5 74. Rc5+ Kb6 75. h3 Kb7 76. Kd5 Be2 77. Rb5+ Kc7 78. Ra5 Kb6 79. Rc5 Kb7
80. Kd6 Kb6 81. Rc8 Kb5 82. Rb8+ Ka4 83. Kd5 c3 84. Kd4 c2 85. Rc8 Kb3 86. Ke3
Ba6 87. Rc7 Bf1 88. Kd2 Bxh3 89. Rxc2 g5 90. Rc5 Bg4 91. Kd3 Kb4 92. Rxg5 Bd1
93. Kd4 Kb3 94. Rc5 Kb4 95. Rc8 Kb3 96. Ke5 Bg4 97. Rc7 Kb4 98. Kf4 Kb5 99. Kg5
Kb6 100. Rc4 Be2 101. Rh4 Kc5 102. Rxh5 Kd5 103. g4 Ke6 104. Rh2 Bd1 105. Rf2
Ke7 106. Rf1 Bb3 107. Kg6 Bc2+ 108. Kh6 Bd3 109. Rf3 Bc4 110. g5 Bd5 111. Rf2 1-0

[Event "Qatar Masters Open 2023"]
[Site "Doha QAT"]
[Date "2023.10.19"]
[Round "8.55"]
[White "Garv, Gaur"]
[Black "Manish Anto, Cristiano F"]
[Result "1/2-1/2"]
[WhiteTitle "FM"]
[BlackTitle "IM"]
[WhiteElo "2401"]
[BlackElo "2368"]
[WhiteFideId "45030839"]
[BlackFideId "25095927"]
[EventDate "2023.10.11"]

1. d4 d5 2. Nf3 Nf6 3. c4 c6 4. Qb3 e6 5. g3 Nbd7 6. Bg2 Be7 7. O-O b6 8. Nc3
Bb7 9. cxd5 cxd5 10. Bf4 a6 11. a4 O-O 12. Rac1 Rc8 13. Rfd1 Nh5 14. Bd2 Bd6 15.
Na2 Qe7 16. Bb4 Nhf6 17. Ne5 Bxb4 18. Nxd7 Nxd7 19. Nxb4 a5 20. Na2 Ba6 21. Qe3
h6 22. Bxd5 Nf6 23. Bf3 Bc4 24. b3 Nd5 25. Bxd5 Bxd5 26. Rxc8 Rxc8 27. Rc1 Rd8
28. Nc3 Bxb3 29. Rb1 Bc4 30. Rxb6 Qd7 1/2-1/2

[Event "Qatar Masters Open 2023"]
[Site "Doha QAT"]
[Date "2023.10.19"]
[Round "8.56"]
[White "Banh Gia Huy"]
[Black "Aziz, Husain"]
[Result "1-0"]
[WhiteTitle "FM"]
[BlackTitle "IM"]
[WhiteElo "2397"]
[BlackElo "2328"]
[WhiteFideId "12424714"]
[BlackFideId "12100293"]
[EventDate "2023.10.11"]

1. e4 e5 2. Nf3 Nc6 3. Bb5 a6 4. Bxc6 dxc6 5. O-O Qf6 6. d4 exd4 7. Bg5 Qd6 8.
Nxd4 Be7 9. Be3 Bd7 10. Nc3 O-O-O 11. f3 Nh6 12. Qe2 f5 13. Rfd1 fxe4 14. Nf5
Qe5 15. Nxe7+ Qxe7 16. Nxe4 Rde8 17. Bxh6 gxh6 18. Qe3 Kb8 19. Qxh6 Bf5 20. Qe3
Rhg8 21. Rd2 Bxe4 22. fxe4 Qb4 23. Qd4 Qxd4+ 24. Rxd4 c5 25. Rc4 b6 26. Re1 Kb7
27. e5 Kc6 28. Rce4 Re7 29. e6 b5 30. g4 h5 31. h3 hxg4 32. hxg4 Rg6 33. Kg2 Kd6
34. Kg3 Rexe6 35. Rxe6+ Rxe6 36. Rxe6+ Kxe6 37. Kh4 Kf6 38. Kh5 Kg7 39. Kg5 c4
40. Kf5 Kf7 41. c3 1-0

[Event "Qatar Masters Open 2023"]
[Site "Doha QAT"]
[Date "2023.10.19"]
[Round "8.57"]
[White "Dushyant, Sharma"]
[Black "Peng, Hongchi"]
[Result "1/2-1/2"]
[WhiteTitle "IM"]
[WhiteElo "2339"]
[BlackElo "2395"]
[WhiteFideId "25065130"]
[BlackFideId "8609047"]
[EventDate "2023.10.11"]

1. e4 c5 2. Nf3 d6 3. d4 cxd4 4. Nxd4 Nf6 5. Nc3 a6 6. Bg5 Nbd7 7. Bc4 Qb6 8.
Bb3 e6 9. Bxf6 Nxf6 10. Qd2 Be7 11. O-O-O O-O 12. f4 a5 13. f5 a4 14. Bxa4 Nxe4
15. Nxe4 Rxa4 16. f6 gxf6 17. Rhe1 Rxa2 18. Nb3 f5 19. Qh6 fxe4 20. Re3 Qxe3+
21. Qxe3 f5 22. Qg3+ Kf7 23. Qh3 Kg7 24. Qg3+ Kf7 25. Qh3 Kg8 26. Qg3+ Kh8 27.
Rxd6 Bxd6 28. Qxd6 Kg8 29. Qg3+ Kf7 30. Qc7+ Kg6 31. Qg3+ Kf6 32. Qh4+ Kg6 33.
Qg3+ Kf7 34. Qc7+ Kg6 1/2-1/2

[Event "Qatar Masters Open 2023"]
[Site "Doha QAT"]
[Date "2023.10.19"]
[Round "8.58"]
[White "Bakhrillaev, Bakhrom"]
[Black "Pham Tran Gia Phuc"]
[Result "1-0"]
[WhiteTitle "FM"]
[BlackTitle "FM"]
[WhiteElo "2302"]
[BlackElo "2384"]
[WhiteFideId "14212285"]
[BlackFideId "12415669"]
[EventDate "2023.10.11"]

1. d4 Nf6 2. c4 e6 3. Nc3 Bb4 4. e3 c5 5. Ne2 d5 6. a3 Ba5 7. dxc5 dxc4 8. Bd2
Nbd7 9. Ng3 Nxc5 10. Bxc4 Bc7 11. Qc2 O-O 12. Rd1 Qe7 13. b4 Ncd7 14. Nce4 Nxe4
15. Nxe4 Ne5 16. Be2 f5 17. Ng3 b5 18. f4 Ng4 19. Bf3 Rb8 20. h3 Nf6 21. O-O Bb6
22. Qb3 Kh8 23. Rc1 e5 24. Kh1 e4 25. Bd1 Be6 26. Qb2 Bc4 27. Re1 Nd5 28. Bb3
Bxb3 29. Qxb3 Rbd8 30. Red1 Qh4 31. Be1 Nxe3 32. Rxd8 Rxd8 33. Nf1 Qxf4 34. Bd2
Rxd2 35. Nxd2 Nc4 36. Qc3 Bc7 37. Nf1 h6 38. Qe1 e3 39. Qe2 Nd2 40. Qxe3 Nxf1
41. Qxf4 Bxf4 42. Rxf1 Be5 43. Rxf5 Bb2 44. Rxb5 Bxa3 45. Rb7 Kh7 46. Kh2 Kg6
47. Kg3 Kf6 48. Kf4 g6 49. g4 h5 50. g5+ Ke6 51. h4 Bc1+ 52. Ke4 Ba3 53. b5 Bc5
54. Rg7 Bf2 55. Rxg6+ Ke7 56. Kf5 Bxh4 57. Rg7+ Kf8 58. Rxa7 Bf2 59. Rh7 h4 60.
Ke6 1-0

[Event "Qatar Masters Open 2023"]
[Site "Doha QAT"]
[Date "2023.10.19"]
[Round "8.59"]
[White "Savitha, Shri B"]
[Black "Rakesh, Kumar Jena"]
[Result "0-1"]
[WhiteTitle "WGM"]
[BlackTitle "IM"]
[WhiteElo "2375"]
[BlackElo "2312"]
[WhiteFideId "35061887"]
[BlackFideId "5084822"]
[EventDate "2023.10.11"]

1. e4 c6 2. d4 g6 3. c4 d5 4. e5 Bg7 5. Nc3 Nh6 6. Nf3 O-O 7. cxd5 cxd5 8. Qb3
Nc6 9. Bf4 Bg4 10. Qxb7 Rc8 11. Bb5 Nb4 12. O-O Rc7 13. Qxc7 Qxc7 14. a3 Nc2 15.
Rac1 Bxf3 16. Rxc2 Be4 17. Rd2 Qb6 18. Be2 Nf5 19. Rfd1 Rd8 20. f3 Bc2 21. Rxc2
Nxd4 22. Be3 Nxe2+ 23. Rxe2 d4 24. Red2 Bh6 25. Nd5 Bxe3+ 26. Nxe3 dxe3 27.
Rxd8+ Kg7 0-1

[Event "Qatar Masters Open 2023"]
[Site "Doha QAT"]
[Date "2023.10.19"]
[Round "8.60"]
[White "Nandhidhaa, P V"]
[Black "Nitin, S."]
[Result "1/2-1/2"]
[WhiteTitle "WGM"]
[BlackTitle "IM"]
[WhiteElo "2260"]
[BlackElo "2373"]
[WhiteFideId "5050847"]
[BlackFideId "5018277"]
[EventDate "2023.10.11"]

1. e4 c5 2. c3 e5 3. Nf3 Nc6 4. Bc4 Qc7 5. O-O d6 6. Na3 Bg4 7. Nc2 Nf6 8. Ne3
Bh5 9. d3 h6 10. a3 Be7 11. Nf5 Bf8 12. h3 O-O-O 13. Ng3 Bg6 14. Nh4 Bh7 15. Qf3
Kb8 16. Nhf5 Bg6 17. Nxh6 d5 18. exd5 e4 19. Qe3 Ne5 20. Nhf5 exd3 21. Bxd3 Nxd5
22. Qe2 Nxc3 23. bxc3 Nxd3 24. c4 Nxc1 25. Raxc1 Bd6 26. Rcd1 Bxg3 27. fxg3 Rxd1
28. Qxd1 Rd8 29. Qg4 Qe5 30. Nh4 Bh5 31. Qf5 Qd4+ 32. Kh2 Qxc4 33. Qe5+ Kc8 34.
Rf5 Bg6 35. Nxg6 fxg6 36. Qxc5+ Qxc5 37. Rxc5+ Kb8 38. Rg5 Rd6 39. h4 Kc7 40.
Kh3 Kc6 41. Re5 b5 42. Re7 Rd7 43. Re6+ Rd6 44. Re7 Rd7 45. Re6+ Rd6 1/2-1/2

[Event "Qatar Masters Open 2023"]
[Site "Doha QAT"]
[Date "2023.10.19"]
[Round "8.61"]
[White "Tissir, Mohamed"]
[Black "Vantika, Agrawal"]
[Result "1-0"]
[WhiteTitle "IM"]
[BlackTitle "IM"]
[WhiteElo "2344"]
[BlackElo "2435"]
[WhiteFideId "9000240"]
[BlackFideId "25050389"]
[EventDate "2023.10.11"]

1. e4 c5 2. Nc3 d6 3. Nf3 a6 4. d4 cxd4 5. Nxd4 Nf6 6. Bc4 e6 7. Bb3 b5 8. O-O
Be7 9. Re1 O-O 10. a3 Bb7 11. Qf3 Nbd7 12. Qg3 Nc5 13. Bh6 Ne8 14. Nf3 Kh8 15.
Bg5 Bxg5 16. Nxg5 h6 17. Nf3 Nf6 18. e5 dxe5 19. Rad1 Qe7 20. Nxe5 Nxb3 21. cxb3
b4 22. Na4 Kg8 23. Qh4 Bd5 24. Nb6 Rad8 25. Nxd5 Rxd5 26. Rxd5 Nxd5 27. Qxe7
Nxe7 28. axb4 Rb8 29. Ra1 Rxb4 30. Rxa6 Rxb3 31. Ra8+ Kh7 32. Nxf7 Rxb2 33. g3
Ng6 34. Ra7 Rd2 35. Ra8 Rd7 36. Nd8 e5 37. Nc6 Rc7 38. Ra6 Rd7 39. Ra5 e4 40. h4
Ne7 41. Nb4 Rd4 42. Nc2 Rd1+ 43. Kg2 Nd5 44. Ne3 Nxe3+ 45. fxe3 Rd3 46. Kf2 Rd2+
47. Kf1 Rd1+ 48. Kf2 Rd2+ 49. Kf1 Rd1+ 50. Ke2 Rb1 51. Re5 Rb2+ 52. Kf1 Rb4 53.
h5 Kg8 54. g4 Kf7 55. Rf5+ Ke6 56. Kf2 Rb3 57. Rf4 Rb4 58. Kg3 Ra4 59. Rf5 Ra1
60. Kf4 Rf1+ 61. Kxe4 Rg1 62. Rf4 Ra1 63. Kf3 Rf1+ 64. Ke2 Rg1 65. Kf2 Ra1 66.
Rf5 Ra3 67. Kf3 Ra4 68. Rb5 Kf6 69. Rb6+ Ke5 70. Rb7 Kf6 71. Rd7 Rb4 72. Rd4 Rb7
73. Kf4 Ke6 74. Re4+ Kf6 75. Ra4 Rb6 76. Ra7 Rc6 77. Rd7 Ra6 78. e4 Rb6 79. e5+
Ke6 80. Rxg7 Rb4+ 81. Kg3 Kxe5 82. Rg6 Rb3+ 83. Kh4 Kf4 84. Rf6+ Ke5 85. Rxh6
Rb1 86. Kg5 Rb8 87. Rg6 Rh8 88. h6 Rh7 89. Rg8 Ke6 90. Kg6 1-0

[Event "Qatar Masters Open 2023"]
[Site "Doha QAT"]
[Date "2023.10.19"]
[Round "8.62"]
[White "Nagarkatte Vedant"]
[Black "Mohammad, Nubairshah Shaikh"]
[Result "0-1"]
[WhiteTitle "FM"]
[BlackTitle "IM"]
[WhiteElo "2345"]
[BlackElo "2432"]
[WhiteFideId "25636227"]
[BlackFideId "5053196"]
[EventDate "2023.10.11"]

1. e4 c5 2. Nf3 e6 3. d4 cxd4 4. Nxd4 Nc6 5. Nc3 Qc7 6. Be3 a6 7. a3 Nf6 8. Be2
Be7 9. O-O O-O 10. f4 d6 11. Kh1 Bd7 12. Nb3 b5 13. Bf3 Rab8 14. Qe2 Rfc8 15. g4
b4 16. axb4 Nxb4 17. g5 Ne8 18. Rg1 d5 19. exd5 Nxd5 20. Nxd5 exd5 21. Rg2 a5
22. Nd4 Bc5 23. c3 Nd6 24. Bxd5 Re8 25. Qf3 Nc4 26. Bg1 Nb6 27. Ba2 Bxd4 28.
cxd4 Bf5 29. Bb1 Re1 30. Bxf5 Rxa1 31. Rc2 Qd6 32. Qe4 g6 33. Bh3 Nd5 34. Rf2
Nc7 35. Bg2 Re8 36. Qf3 Ree1 37. Rf1 Rxf1 38. Bxf1 Qd5 39. Bg2 Qxd4 0-1

[Event "Qatar Masters Open 2023"]
[Site "Doha QAT"]
[Date "2023.10.19"]
[Round "8.63"]
[White "Balajayeva, Khanim"]
[Black "Lagunow, Raphael"]
[Result "0-1"]
[WhiteTitle "IM"]
[BlackTitle "IM"]
[WhiteElo "2340"]
[BlackElo "2425"]
[WhiteFideId "13406396"]
[BlackFideId "24652644"]
[EventDate "2023.10.11"]

1. e4 c5 2. Nf3 d6 3. Bb5+ Nd7 4. a4 Nf6 5. Nc3 g6 6. a5 Bg7 7. O-O O-O 8. Re1
a6 9. Bf1 e5 10. h3 Nb8 11. Nd5 Nxd5 12. exd5 f5 13. d3 Nd7 14. c3 h6 15. d4 e4
16. Nd2 cxd4 17. cxd4 b5 18. axb6 Nxb6 19. Ra5 Bb7 20. Qb3 Bxd4 21. Rd1 Bg7 22.
Qa2 Qc8 23. Nb3 Qc2 24. Rd2 Qc8 25. Rd1 Qc2 26. Rd2 Qc7 27. Rd1 Rf7 28. Be3 f4
29. Bd4 e3 30. fxe3 fxe3 31. Bxe3 Nc4 32. Bxc4 Qxc4 33. Nd4 Qxa2 34. Rxa2 Bxd5
35. Ra5 Bb7 36. b4 Re8 37. Bf2 Re4 38. Nf3 Rxb4 39. Rxd6 Rb1+ 40. Kh2 Rb2 41.
Kg3 Rb3 42. Bd4 Bxf3 43. gxf3 Rfxf3+ 44. Kg2 Rg3+ 45. Kf2 Rgd3 46. Rad5 Rd2+ 47.
Ke1 Rxd4 48. Rxd4 Bxd4 49. Rxd4 Rxh3 50. Ra4 Rf3 51. Rxa6 Kg7 52. Ke2 Rf7 0-1